Využitie bimaticových hier v medzinárodných vzťahoch

Pre medzinárodné vzťahy je typický konflikt aktérov, ktorí si vzájomne konkurujú, čo ovplyvní aj výsledok rozhodovacej situácie. Na množstvo konfliktov sa možno pozerať z pohľadu len dvoch hlavných aktérov (superveľmocí), kde jedna strana nemôže prijať žiadne rozhodnutie jednostranne, pretože výsled...

Ausführliche Beschreibung

Gespeichert in:
Bibliographische Detailangaben
1. Verfasser: Čičková, Zuzana, 1978-
Weitere Verfasser: Karas, Martin, 1991-, Chuguryan, Simona, 1977-
Format: Buchkapitel
Sprache:Slowakisch
Schlagworte:
Tags: Tag hinzufügen
Keine Tags, Fügen Sie das erste Tag hinzu!

MARC

LEADER 00000naa$a2200000$$$4500
001 0298296
005 20240502084007.0
041 0 |a slo 
044 |a CZ 
245 1 0 |a Využitie bimaticových hier v medzinárodných vzťahoch  |c Zuzana Čičková, Martin Karas, Simona Chuguryan 
520 |a Pre medzinárodné vzťahy je typický konflikt aktérov, ktorí si vzájomne konkurujú, čo ovplyvní aj výsledok rozhodovacej situácie. Na množstvo konfliktov sa možno pozerať z pohľadu len dvoch hlavných aktérov (superveľmocí), kde jedna strana nemôže prijať žiadne rozhodnutie jednostranne, pretože výsledok hry závisí od stratégie druhého aktéra. Nástroje na analýzu takýchto situácií ponúka teórie hier. Cieľom tohto príspevku je poskytnúť prehľad najznámejších bimaticových hier používaných na analýzu konfliktov v oblasti medzinárodných vzťahov. Nakoľko mnoho rozhodovacích situácií sa vyznačuje bipolárnym charakterom, možno tieto hry napriek tomu, že sa jedná o jednoduché typy hier, použiť na predikciu výsledkov konfliktov aj v súčasnosti. 
610 2 0 |a teória hier 
610 2 0 |a konflikty 
610 2 0 |a vzťahy medzinárodné 
100 1 |a Čičková, Zuzana, 1978- 
700 1 |a Karas, Martin, 1991- 
700 1 |a Chuguryan, Simona, 1977-